|
|
|
|
| LEADER |
00000naa2a2200000 4500 |
| 001 |
259294 |
| 005 |
20231031220614.0 |
| 035 |
|
|
|a (RuTPU)RU\TPU\book\282218
|
| 035 |
|
|
|a RU\TPU\book\282214
|
| 090 |
|
|
|a 259294
|
| 100 |
|
|
|a 20140507d2012 k y0rusy50 ca
|
| 101 |
0 |
|
|a rus
|
| 102 |
|
|
|a RU
|
| 200 |
1 |
|
|a Применение методов синхротронного рентгеновского анализа и экстракционного фракционирования при оценке трансформации соединений тяжелых металлов в загрязненной почве
|f Д. Г. Невидомская [и др.]
|
| 225 |
1 |
|
|a Физиолого-биохимические аспекты метаболизма и участия тяжелых металлов и радионуклидов в эколого-трофических системах
|
| 320 |
|
|
|a Библиогр.: с. 490 (11 назв.)
|
| 461 |
|
1 |
|0 (RuTPU)RU\TPU\book\270768
|y 978-601-7332-72-3
|t Тяжелые металлы и радионуклиды в окружающей среде
|o материалы VII Международной научно-практической конференции, 4-8 октября 2012 г., г. Семипалатинск (Семей)
|f Семипалатинский государственный педагогический институт ; Российская академия наук (РАН), Институт геохимии и аналитической химии (ГЕОХИ) ; Московский государственный университет им. М. В. Ломоносова (МГУ) ; Национальный исследовательский Томский политехнический университет (ТПУ) ; Российская академия наук (РАН), Сибирское отделение (СО), Институт почвоведения и агрохимии (ИПА) ; под ред. М. А. Бектемесова
|d 2012
|
| 463 |
|
0 |
|0 (RuTPU)RU\TPU\book\269463
|t Т. 1
|v С. 485-490
|d 2012
|p 519 с.
|
| 610 |
1 |
|
|a тяжелые металлы
|
| 610 |
1 |
|
|a синхротронное излучение
|
| 610 |
1 |
|
|a рентгеновский анализ
|
| 610 |
1 |
|
|a экстракционное фракционирование
|
| 610 |
1 |
|
|a трансформация
|
| 610 |
1 |
|
|a загрязненная почва
|
| 700 |
|
1 |
|a Невидомская
|b Д. Г.
|
| 701 |
|
1 |
|a Минкина
|b Т. М.
|
| 701 |
|
1 |
|a Солдатов
|b А. В.
|
| 701 |
|
1 |
|a Мотузова
|b Г. В.
|
| 701 |
|
1 |
|a Подковырина
|b Ю. С.
|
| 801 |
|
1 |
|a RU
|b 63413507
|c 20140331
|
| 801 |
|
2 |
|a RU
|b 63413507
|c 20150219
|g RCR
|
| 942 |
|
|
|c BK
|